000 00978cam a22001934a 4500
005 20250605164342.0
008 250528s ||||||||||||||||||||||||d
035 _a23637
040 _aGR-AtMCL
_bgre
_dGR-AtMCL
_eAACR2
245 1 _aΜεταφορική Δραστηριότητα και Ναυτιλία/Δύο Έννοιες Αλληλένδετες
260 _c2012
300 _a46
520 _aΕισαγωγή, Ιστορική Επισκόπηση των Μεταφορών και Σύντομη Ανάλυση της Σημερινής τους Μορφής, Η Ναυτιλία και τα Μέσα της ως Φορέας της Μεταφορικής Δραστηριότητας, Ο Ρόλος των Μεταφορών στον Κλάδο της Ναυτιλίας, Επίλογος.
700 1 _aΜάντζιου Αθανασία
_99230
700 1 _aΠρόντζας Παναγιώτης
_99225
942 _cDS
999 _c8634
_d8634